The usher's manual; (Record no. 4168)
[ view plain ]
| 000 -LEADER | |
|---|---|
| fixed length control field | 00618cam a2200229 4500 |
| 001 - CONTROL NUMBER | |
| control field | 60972 |
| 003 - CONTROL NUMBER IDENTIFIER | |
| control field | OCoLC |
| 005 - DATE AND TIME OF LATEST TRANSACTION | |
| control field | 20181129160220.0 |
| 008 - FIXED-LENGTH DATA ELEMENTS--GENERAL INFORMATION | |
| fixed length control field | 700331s1970 miua 000 0 eng |
| 010 ## - LIBRARY OF CONGRESS CONTROL NUMBER | |
| LC control number | 72095041 |
| 020 ## - INTERNATIONAL STANDARD BOOK NUMBER | |
| International Standard Book Number | 0310306515 |
| 035 ## - SYSTEM CONTROL NUMBER | |
| System control number | (OCoLC)60972 |
| 040 ## - CATALOGING SOURCE | |
| Original cataloging agency | DLC |
| Transcribing agency | DLC |
| Modifying agency | OCL |
| -- | OCLCG |
| -- | AUW |
| 050 #4 - LIBRARY OF CONGRESS CALL NUMBER | |
| Classification number | BV705 |
| Item number | .P33 1970 |
| 082 ## - DEWEY DECIMAL CLASSIFICATION NUMBER | |
| Classification number | 254 |
| Item number | P263U |
| 100 1# - MAIN ENTRY--PERSONAL NAME | |
| Personal name | Parrott, Leslie, |
| Dates associated with a name | 1922- |
| 245 14 - TITLE STATEMENT | |
| Title | The usher's manual; |
| Remainder of title | a spiritual and practical guidebook |
| 260 ## - PUBLICATION, DISTRIBUTION, ETC. | |
| Place of publication, distribution, etc. | Grand Rapids, |
| Name of publisher, distributor, etc. | Zondervan Pub. House |
| Date of publication, distribution, etc. | [1970] |
| 300 ## - PHYSICAL DESCRIPTION | |
| Extent | 64 p. |
| Other physical details | illus. |
| Dimensions | 21 cm |
| 650 #0 - SUBJECT ADDED ENTRY--TOPICAL TERM | |
| Topical term or geographic name entry element | Church ushers |
| 942 ## - ADDED ENTRY ELEMENTS (KOHA) | |
| Source of classification or shelving scheme | Dewey Decimal Classification |
| Koha item type | Books |
| Withdrawn status | Lost status | Source of classification or shelving scheme | Damaged status | Not for loan | Collection code | Home library | Current library | Shelving location | Date acquired | Cost, normal purchase price | Total Checkouts | Full call number | Barcode | Date last seen | Price effective from | Koha item type |
|---|---|---|---|---|---|---|---|---|---|---|---|---|---|---|---|---|
| Dewey Decimal Classification | Not For Loan | Non-fiction | Harvest Mission College | Harvest Mission College | General Stacks | 29.11.2018 | 100.00 | 254 P263U | 004759 | 29.11.2018 | 29.11.2018 | Books |
